Alle Päpste - Statistiken

Allgemein
  • Dieses Quiz wurde 8.730 mal gespielt
    6.162 seit der letzten Aktualisierung
  • Das Durchschnittsergebnis liegt bei 15 aus 81
Antwortstatistiken
Anzahl Name % Korrekt
1 Franziskus
94%
17 Benedikt
89%
21 Johannes
85%
14 Leo
83%
6 Paul
81%
2 Johannes Paul
65%
12 Pius
61%
1 Petrus
60%
16 Gregor
38%
1 Markus
38%
8 Urban
37%
13 Innozenz
33%
14 Clemens
30%
7 Alexander
29%
3 Julius
28%
3 Martin
24%
9 Stephan
21%
6 Hadrian
19%
1 Linus
19%
3 Silvester
19%
5 Sixtus
19%
1 Konstantin
18%
5 Nikolaus
18%
8 Bonifatius
17%
3 Felix
17%
3 Viktor
16%
2 Theodor
15%
3 Lucius
14%
5/6 Coelestin
13%
4 Eugen
13%
1 Fabian
13%
2 Marcellus
13%
1 Anaklet
12%
4 Honorius
11%
3 Anastasius
10%
1 Cornelius
10%
2 Damasus
10%
4 Sergius
10%
1 Valentin
10%
1 Zacharias
10%
1 Eusebius
9%
1 Evaristus
9%
3 Kalixt
9%
1 Marcellinus
9%
2 Marinus
9%
2 Agapitus
8%
2 Gelasius
8%
1 Hyginus
8%
1 Lando
8%
1 Liberius
8%
2 Paschalis
8%
1 Romanus
8%
1 Soterus
8%
1 Telesphorus
8%
1 Agatho
7%
1 Anicetus
7%
1 Anterus
7%
1 Cajus
7%
1 Dionysius
7%
1 Formosus
7%
1 Hilarius
7%
1 Konon
7%
2 Pelagius
7%
1 Pontianus
7%
1 Severinus
7%
1 Siricius
7%
2 Adeodatus
6%
1 Donus
6%
1 Eutychianus
6%
1 Miltiades
6%
1 Silverius
6%
1 Simplicius
6%
1 Sisinnius
6%
1 Symmachus
6%
1 Vigilius
6%
1 Vitalian
6%
1 Zephyrinus
6%
1 Zosimus
6%
1 Eleuterus
5%
1 Hormisdas
5%
1 Sabinian
5%
Keine übereinstimmenden Quizze gefunden
Verteilung der Resultate
Anzahl Personen mit jedem Resultat
Perzentil nach korrekt beantworteten Fragen
Ihre Resultats-Entwicklung
Sie haben dieses Quiz seit der letzten Aktualisierung nicht gespielt